banner koha

Forrageamento de Apis mellifera L. em inflorescência de Symplocos tenuifolia Brand (Registro n. 240410)

MARC details
000 -LÍDER
campo de controle de tamanho fixo 00949nas a2200313 4500
001 - NÚMERO DE CONTROLE
campo de controle BR2014006942
003 - IDENTIFICADOR DO NÚMERO DE CONTROLE
campo de controle BR-BrBNA
005 - DATA E HORÁRIO DA ÚLTIMA TRANSAÇÃO
campo de controle 20231205124706.0
007 - CAMPO FIXO DE DESCRIÇÃO FÍSICA--INFORMAÇÃO GERAL
campo de controle de tamanho fixo ta
008 - CAMPO DE DADOS FIXOS--INFORMAÇÃO GERAL
campo de controle de tamanho fixo 230509b bl.|||p| |||| 00| 00por d
040 ## - FONTE DA CATALOGAÇÃO
Instituição da catalogação original BR-BrBNA
Idioma da catalogação por
Instituição que transcreveu o registro Biblioteca Nacional de Agricultura
041 ## - CÓDIGO DE IDIOMA
Código do idioma do texto/trilha sonora ou título diferente (Pt)
072 ## - CÓDIGO DE CATEGORIA DE ASSUNTO
Código de Categoria de Assunto F62
100 1# - ENTRADA PRINCIPAL--NOME PESSOAL
Nome pessoal Pegorato, A.
100 1# - ENTRADA PRINCIPAL--NOME PESSOAL
Nome pessoal Chaves Neto, A.
100 1# - ENTRADA PRINCIPAL--NOME PESSOAL
Nome pessoal Lazzari, S.M.N.
100 1# - ENTRADA PRINCIPAL--NOME PESSOAL
Nome pessoal Costa, D.C.P. da
100 1# - ENTRADA PRINCIPAL--NOME PESSOAL
Nome pessoal Rodrigues, S.R.N.
245 1# - TÍTULO
Título Forrageamento de Apis mellifera L. em inflorescência de Symplocos tenuifolia Brand
650 ## - ASSUNTO--TERMO TÓPICO
Cabeçalho tópico ou nome geográfico ABELHA
650 ## - ASSUNTO--TERMO TÓPICO
Cabeçalho tópico ou nome geográfico PLANTA MELIFERA
650 ## - ASSUNTO--TERMO TÓPICO
Cabeçalho tópico ou nome geográfico FLORAÇÃO
650 ## - ASSUNTO--TERMO TÓPICO
Cabeçalho tópico ou nome geográfico INFLORESCÊNCIA
650 ## - ASSUNTO--TERMO TÓPICO
Cabeçalho tópico ou nome geográfico AÇÚCARES
650 ## - ASSUNTO--TERMO TÓPICO
Cabeçalho tópico ou nome geográfico NECTAR
773 0# - ENTRADA ANALÍTICA
Título Revista Acadêmica. Ciências Agrárias e Ambientais (Brazil)
ISSN - International Standard Serial Number ISSN 0103-989X
Partes relacionadas (Oct-Dec 2012), v. 10(4) p. 327-334
Número de controle do registro BR2014006942
909 ## -
-- 202311
-- Lúcia
-- 55
-- Lúcia Elande
942 ## - ELEMENTOS DE ENTRADA ADICIONADOS (KOHA)
Fonte da classificação ou esquema de arquivamento na estante Classificação AGRIS
Ocultar no OPAC Não
Tipo de material Koha Analítica
Exemplares
Situação do descarte Fonte da classificação ou esquema de arquivamento na estante Situação física Não pode ser emprestado Biblioteca de origem Biblioteca atual Localização na estante Enumeração do periódico / cronologia Total de empréstimos Data de último acesso Número do exemplar Tipo de material Koha Fonte de aquisição
  Classificação AGRIS   Consulta local Biblioteca Nacional de Agricultura - Binagri Biblioteca Nacional de Agricultura - Binagri   (Oct-Dec 2012), v. 10(4) p. 327-334   29/11/2023 01 Periódicos Portaria Interministerial nº 164/94

BINAGRI

Telefone: (61)3218-2567/2388/3357/2097 - binagri@agro.gov.br

Ministério da Agricultura e Pecuária , Esplanada dos Ministérios, Bloco D, Anexo B, Brasília/DF, CEP: 70.043-900